Statistics for Every Louis Armstrong song that hit the Billboard hot 100

Click here to take the quiz!

General Stats

  • This quiz has been taken 9 times
  • The average score is 2 of 5

Answer Stats

Peak Chart PositionYearSong% Correct
321988What A Wonderful World
89%
11964Hello, Dolly!
56%
811966Mame
22%
451964I Still Get Jealous
11%
561964So Long Dearie
0%

Score Distribution

Percentile by Number Answered

Percent of People with Each Score

Your Score History

You have not taken this quiz